| 000 | 00468nam a22001577a 4500 | ||
|---|---|---|---|
| 003 | MACL | ||
| 005 | 20170818131859.0 | ||
| 008 | 170818b xxu||||| |||| 00| 0 eng d | ||
| 040 | _cmacl | ||
| 100 |
_aश्री प्रसाद _968714 |
||
| 245 | _aमेरी प्रिय बाल कहानियॉ | ||
| 260 |
_aमदन बुक हाउस _c2010 |
||
| 350 | _a295 | ||
| 650 |
_aकहानियॉ _968715 |
||
| 942 |
_cHIN _k741.642 _2ddc |
||
| 999 |
_c47565 _d47565 |
||